Germania-Farbbuch : Farbtafeln der Germania-Ausgaben 52-97 (Record no. 1684)

000 -LEADER
fixed length control field 00567nam a22001097a 4500
008 - FIXED-LENGTH DATA ELEMENTS--GENERAL INFORMATION
fixed length control field 150810b xxu||||| |||| 00| 0 eng d
100 ## - MAIN ENTRY--AUTHOR'S NAME
Author's Name Jaschke, Paul-Peter
245 ## - TITLE STATEMENT
Title Germania-Farbbuch : Farbtafeln der Germania-Ausgaben 52-97
260 ## - PUBLICATION, DISTRIBUTION, ETC. (IMPRINT)
Place of publication, distribution, etc. Bremen, Germany
Name of publisher, distributor, etc. P.P. Jaschke
Date of publication, distribution, etc. 1991
500 ## - GENERAL NOTE
Materials specified text in German<br/>Color tables for Germania issue #52-97
650 ## - TOPICAL TERM (Tag)
Topical term or geographic name Germany | Germania Issues | 1900 - 1916-1917 | Definitive Issues 20th Century | Color | Production | Errors and Varieties | Color Guides | Paper | Watermarks | Collecting | Identification | Guides and Handbooks
Holdings
Withdrawn status Lost status Source of classification or shelving scheme Damaged status Koha normalized classification for sorting Not for loan Permanent Location Current Location Date acquired Total Checkouts Full call number Barcode Date last seen Copy number Price effective from Koha item type Collection code Shelving location
        G6081 C719 J391   Northern Philatelic Library Northern Philatelic Library 08/10/2015   G6081 .C719 J391 1001956 08/10/2015 1 08/10/2015 Books    
        G6081 C719 J391   Northern Philatelic Library Northern Philatelic Library 01/31/2022   G6081 .C719 J391 1005755 01/31/2022 2 01/31/2022 Books Jerry Jensen Collection General Stacks

Powered by Koha